| 000 | 00834nam a2200217 a 4500 | ||
|---|---|---|---|
| 001 | 000005055 | ||
| 005 | 20200929151552.0 | ||
| 008 | 090729s1944 dr r 000 0 spa d | ||
| 040 |
_aDO-SdBNP _bspa _cBNPHU |
||
| 082 |
_a342.029 _bR426c |
||
| 110 | 2 |
_aRepública Dominicana. _9447 |
|
| 245 | 1 | 0 | _aConstitución política y reformas constitucionales 1844 - 1942. |
| 260 |
_aSantiago de los Caballeros, República Dominicana _fEl Diario, _c1944. |
||
| 300 |
_a676 p. ; _c25 cm. |
||
| 490 | 1 |
_aTrujillo _v1 |
|
| 490 | 1 |
_aConstitución política y reformas constitucionales _v2 |
|
| 500 | _aEdición del Gobierno Dominicano 1944 | ||
| 504 | _aIncluye referencias bibliográficas y notas al pie de las páginas | ||
| 504 | _aIncluye bibliografías | ||
| 830 | 0 |
_aTrujillo _n1 _pConstitución política y reformas constitucionales; 2 _914541 |
|
| 999 |
_c4859 _d4859 |
||